000 00756nam a2200265Ia 4500
003 OSt
005 20220918180434.0
006 a|||||r|||| 00| 0
007 ta
008 220917b |||||||| |||| 00| 0 eng d
024 _a22,339
037 _cTextual
040 _aARTS
_cARTS
_beng
041 _2eng
_aeng
082 _aO111,3M37w, K2
100 _aKirk Clare M
_956287
245 0 _aWilliam Dean Howells
260 _aNew York
_bTwayne Publishers USA
_c1962
300 _a223p.
_ccm.
490 _aTwayne's United state authors series ed by Sylvia E Bowman
650 _aENGLISH LITERATURE
700 _a Kirk Rudolf
_953307
942 _hO111,3M37w, K2
_cTEXL
_2CC
999 _c161574
_d161574